[Event "ch-UZB Major 2012"]
[Site "Tashkent UZB"]
[Date "2012.05.27"]
[Round "11"]
[White "Holmirzaev,B"]
[Black "Dzhumaev,M"]
[Result "1/2-1/2"]
[WhiteElo "2315"]
[BlackElo "2495"]

1.d4 Nf6 2.Bg5 e6 3.Nf3 h6 4.Bxf6 Qxf6 5.c3 b6 6.Nbd2 Bb7 7.e3 g6 8.Bd3 Bg7
9.Be4 d5 10.Bd3 Nd7 11.Qa4 c6 12.Ba6 Bxa6 13.Qxa6 Qd8 14.O-O O-O 15.e4 Qc7
16.Rfe1 Rfe8 17.Re2 b5 18.Nb3 Rab8 19.a4 b4 20.Rc1 Qb6 21.Qxb6 Nxb6 22.Nc5 bxc3
23.Rxc3 dxe4 24.Rxe4 Nd5 25.Rc2 Rb4 26.g3 Rd8 27.Ne5 Ne7 28.b3 Rdxd4 29.Rxd4 Rxd4
30.Nc4 Rd1+ 31.Kg2 Bd4 32.Nb7 e5 33.Nca5 e4 34.Nd8 e3 35.fxe3 Nf5 36.Nc4 Bxe3
37.Nxc6 h5 38.b4 Rb1 39.b5 Rb3 40.Re2 Bc5 41.Rb2 Rc3 42.N6a5 g5 43.Rd2 Bd4
44.Re2 g4 45.Kf1 Kg7 46.Rd2 Rf3+ 47.Ke2 Bc5 48.Nc6 Bg1 49.Kd1 Rc3 50.N4e5 Kf6
51.a5 Rb3 52.Nd7+ Ke6 53.Nd8+ Ke7 54.Nc6+ Ke6 55.Nd8+ Ke7 56.Nc6+ Ke6  1/2-1/2

[Event "Women's World Rapid Championship 2012"]
[Site "Batumi GEO"]
[Date "2012.05.31"]
[Round "2.25"]
[White "Lomineishvili,M"]
[Black "Umudova,N"]
[Result "1-0"]
[WhiteElo "2366"]
[BlackElo "2231"]

1.d4 Nf6 2.Bg5 e6 3.e4 h6 4.Bxf6 Qxf6 5.c3 d6 6.Bd3 e5 7.Ne2 a6 8.O-O g5
9.Ng3 Nc6 10.Na3 exd4 11.Nh5 Qe7 12.cxd4 Nxd4 13.Qa4+ Nc6 14.Rac1 Bd7 15.Bb5 Rb8
16.Bxc6 Bxc6 17.Rxc6 bxc6 18.Qxc6+ Kd8 19.Rc1 Qd7 20.Qc3 Rg8 21.e5 Be7 22.Nc4 d5
23.Rd1 Rg6 24.e6 Qc6 25.exf7 Bf8 26.Qh8 Qc5 27.Ne5 Re6 28.Rxd5+ Kc8 29.Rxc5 Kb7
30.Rc3 Bd6 31.Rb3+  1-0

[Event "1st Grand Europe Open"]
[Site "Golden Sands BUL"]
[Date "2012.06.06"]
[Round "3.55"]
[White "Oliveira,C"]
[Black "L'Ami,Alina"]
[Result "0-1"]
[WhiteElo "2123"]
[BlackElo "2383"]

1.d4 Nf6 2.Bg5 e6 3.e4 c5 4.d5 exd5 5.exd5 h6 6.Qe2+ Qe7 7.Bxf6 gxf6 8.Nc3 d6
9.O-O-O Qxe2 10.Ngxe2 Nd7 11.Ng3 a6 12.a4 Kd8 13.Be2 Kc7 14.f4 Rb8 15.Rd2 Be7
16.Bh5 Rh7 17.Re1 Bd8 18.Re8 f5 19.Rde2 b5 20.axb5 axb5 21.Bf3 Nf6 22.Rf8 h5
23.b4 h4 24.Nf1 c4 25.Ne3 Bd7 26.Ned1 Ra8 27.Kb2 Ra6 28.Nf2 Rg7 29.Nh3 Nh7
30.Rh8 Bf6 31.Ng5 Nxg5 32.fxg5 Rxg5 33.Rxh4 Rg6 34.Rh7 Ra4 35.Rxf7 Rxb4+
36.Kc1 Kc8 37.Rf8+ Kc7 38.Rf7 Be5 39.Kd2 Rg8 40.g3 Rb2 41.Nd1 Ra2 42.Nc3 Bxc3+
43.Kxc3 Ra3+  0-1

[Event "Server24Chess 2012"]
[Site "Ortisei ITA"]
[Date "2012.06.07"]
[Round "6"]
[White "Blaeser,R"]
[Black "Lasinskas,P"]
[Result "0-1"]
[WhiteElo "1991"]
[BlackElo "2194"]

1.d4 Nf6 2.Bg5 e6 3.Nf3 b6 4.e3 Bb7 5.Nbd2 Be7 6.Bd3 d5 7.c3 Ne4 8.Bxe7 Qxe7
9.Qe2 O-O 10.O-O Nd7 11.Ne1 f5 12.f3 Nxd2 13.Qxd2 e5 14.Nc2 c5 15.Rae1 e4
16.fxe4 fxe4 17.Be2 Rf6 18.Rxf6 Nxf6 19.Rf1 a5 20.c4 Rd8 21.cxd5 Bxd5 22.b3 h6
23.Rd1 Bf7 24.Bc4 Kh7 25.Bxf7 Qxf7 26.Qe2 a4 27.dxc5 Rxd1+ 28.Qxd1 axb3 29.axb3 bxc5
30.b4 cxb4 31.Nxb4 Qc4 32.Qd2 Ng4 33.Nd5 Qb3 34.Nc3 Qb8 35.g3 Ne5 36.Qc2 Nf3+
37.Kh1 Ng5 38.Ne2 Qb4 39.Nc3 Qf8 40.Qe2 Qf5 41.g4 Qe5 42.Qc4 Qf6  0-1

[Event "15th Heraklion Open"]
[Site "Athens GRE"]
[Date "2012.06.10"]
[Round "2.1"]
[White "Gogolis,A"]
[Black "Mitrandzas,A"]
[Result "1/2-1/2"]
[WhiteElo "2257"]
[BlackElo "2097"]

1.d4 Nf6 2.Bg5 e6 3.e3 h6 4.Bh4 d6 5.Nf3 g5 6.Bg3 Nh5 7.Bd3 Nd7 8.c3 Bg7
9.Nfd2 Nxg3 10.hxg3 Qe7 11.Qe2 c5 12.a4 O-O 13.Nc4 e5 14.dxe5 Nxe5 15.Nxe5 Qxe5
16.Nd2 d5 17.Nf3 Qe7 18.Rd1 Bg4 19.O-O Rad8 20.c4 dxc4 21.Bxc4 Rxd1 22.Rxd1 Rd8
23.b3 Rd6 24.Qc2 Rxd1+ 25.Qxd1 Qd7  1/2-1/2

[Event "5th Mayors Cup 2012"]
[Site "Mumbai IND"]
[Date "2012.06.12"]
[Round "8.3"]
[White "Hoang Thanh Trang"]
[Black "Kunte,A"]
[Result "1/2-1/2"]
[WhiteElo "2449"]
[BlackElo "2538"]

1.d4 Nf6 2.Bg5 e6 3.e3 c5 4.c3 cxd4 5.exd4 Be7 6.Nd2 b6 7.Bd3 Bb7 8.Ngf3 d6
9.Bxf6 Bxf6 10.Qe2 Nd7 11.O-O-O Qc7 12.Kb1 O-O-O  1/2-1/2

[Event "16th Voronezh Master Open"]
[Site "Voronezh RUS"]
[Date "2012.06.12"]
[Round "1.50"]
[White "Chernyshova,N"]
[Black "Rodin,D"]
[Result "0-1"]
[WhiteElo "2071"]
[BlackElo "2353"]

1.d4 Nf6 2.Bg5 e6 3.e4 h6 4.Bxf6 Qxf6 5.Nf3 d6 6.c3 Nd7 7.Bd3 g6 8.O-O Bg7
9.Qe2 Qe7 10.Re1 a6 11.a4 O-O 12.e5 c5 13.Nbd2 Rd8 14.Ra3 dxe5 15.dxe5 Nb6
16.c4 a5 17.Ne4 Nd7 18.Nc3 Nb8 19.Be4 Na6 20.Nb5 Nb4 21.Raa1 Rb8 22.Rad1 Bd7
23.Nc3 Bc6 24.h3 Rxd1 25.Rxd1 Rd8 26.Re1 Rd7 27.Bxc6 Nxc6 28.Nb5 Qd8 29.g3 Bf8
30.Kg2 Nb4 31.Nc3 Bg7 32.Qe4 b6 33.Nb5 Qc8 34.Nd6 Qc6 35.b3 Qxe4 36.Rxe4 Nc6
37.Nc8 Rd8 38.Nxb6 Kf8 39.Re2 Ke8 40.Rd2 Nxe5 41.b4 Nxf3 42.Rxd8+ Kxd8 43.Kxf3 cxb4
44.c5 b3  0-1

[Event "16th Voronezh Master Open"]
[Site "Voronezh RUS"]
[Date "2012.06.20"]
[Round "8.37"]
[White "Chernyshova,N"]
[Black "Mikhailov,Vi"]
[Result "0-1"]
[WhiteElo "2071"]
[BlackElo "2299"]

1.d4 Nf6 2.Bg5 e6 3.e4 h6 4.Bxf6 Qxf6 5.Nf3 b6 6.Bd3 Bb7 7.Nbd2 d6 8.Qe2 e5
9.c3 Be7 10.Rd1 O-O 11.O-O Nd7 12.dxe5 dxe5 13.Nc4 Rad8 14.b4 Rfe8 15.Rd2 Nf8
16.Rfd1 Ng6 17.g3 Bc6 18.Qe3 Ba4 19.Rc1 Bb5 20.Nb2 Bxd3 21.Nxd3 Qe6 22.Rcd1 Bf6
23.Nc1 Qg4 24.Rxd8 Bxd8 25.Ne2 Be7 26.Kg2 Bd8 27.c4 Nf4+ 28.Kh1 Ne6 29.Kg2 Nd4
30.Rc1 Bg5 31.Nxg5 Nxe2 32.Re1 Nd4 33.Nf3 Nc2 34.Qc3 Nxe1+ 35.Qxe1 Qe6 36.Qc3 f6
37.Nd2 Rd8 38.Nb3 Qc6 39.f3 Qa4 40.c5 Qxa2+ 41.Kh3 Qe2 42.cxb6 cxb6 43.Qc7 Qd1
44.Nc1 Kh7 45.Kh4 Qd7  0-1

[Event "5th Karen Asrian Memorial"]
[Site "Jermuk ARM"]
[Date "2012.06.23"]
[Round "8.8"]
[White "Poghosyan,S"]
[Black "Maghalashvili,Da"]
[Result "0-1"]
[WhiteElo "2306"]
[BlackElo "2478"]

1.d4 Nf6 2.Bg5 e6 3.Nf3 h6 4.Bh4 d6 5.e3 g5 6.Bg3 Nh5 7.Bd3 Bg7 8.Nbd2 Nxg3
9.hxg3 Nd7 10.Qe2 Qe7 11.O-O-O a6 12.g4 b5 13.Ne4 Bb7 14.Ng3 Rg8 15.e4 c5
16.c3 O-O-O 17.Nh5 Bh8 18.Ng3 Bg7 19.a4 c4 20.Bb1 Nb6 21.axb5 axb5 22.Ne1 d5
23.Nc2 Qc7 24.e5 Bf8 25.Nh5 Nd7 26.Qf3 Nb8 27.Nf6 Rh8 28.Kd2 Nc6 29.Ke1 Nxe5
30.dxe5 Qxe5+ 31.Ne3 Be7 32.Ne4 dxe4 33.Rxd8+ Rxd8 34.Qxf7 Qd6 35.Kf1 Rf8
36.Qg6 Qd2 37.Qxe6+ Kb8 38.Kg1 Bd6  0-1

[Event "20th Montcada Open"]
[Site "Montcada i Reixac ESP"]
[Date "2012.06.27"]
[Round "3.9"]
[White "Alarcon Casellas,Rol"]
[Black "Cruz,Cr"]
[Result "1/2-1/2"]
[WhiteElo "2417"]
[BlackElo "2507"]

1.d4 Nf6 2.Bg5 e6 3.e4 h6 4.Bxf6 Qxf6 5.c3 d6 6.Bd3 e5 7.Ne2 Nd7 8.O-O Qd8
9.f4 Be7 10.Nd2 O-O 11.Nf3 Bf6 12.Bc2 Re8 13.Kh1 c6 14.fxe5 dxe5 15.Ng3 Nf8
16.Bb3 Be6 17.d5 Bd7 18.Qc2 Ng6 19.Nh5 c5 20.c4 Bg4 21.Nxf6+ Qxf6 22.Ng1 Qh4
23.g3 Qe7 24.Qf2 Rad8 25.Bd1 Bc8 26.b4 b6 27.bxc5 bxc5 28.Rb1 Ba6 29.Be2 Rf8
30.Qe3 Qd6 31.Nf3 Ne7 32.Nh4 Rb8 33.Rb3 Rb6 34.Kg1 Bc8 35.Ra3 Ba6 36.Ra5 Rb2
37.Rf2 Rc8 38.Qa3 Rb6 39.Bf1 Rc7 40.Nf3 Bc8 41.Nd2 Ra6 42.Rxa6 Bxa6 43.Nb1 Bc8
44.Nc3 Bd7 45.Rb2 Nc8 46.Rb8 g6 47.Qb2 Kg7 48.a4 Qe7 49.a5 Nd6 50.a6 Qg5
51.Kf2 Bc8 52.Nb5 Nxe4+ 53.Kg2 Nd2 54.Nxc7 Bh3+ 55.Kh1 Qe3 56.Ne8+ Kh7 57.Nf6+ Kg7
58.Ne8+ Kh7 59.Nf6+ Kg7 60.Ne8+ Kh7 61.Nf6+  1/2-1/2

[Event "Stockholm Master Open 2012"]
[Site "Stockholm SWE"]
[Date "2012.06.28"]
[Round "1.15"]
[White "Eriksson,Jor"]
[Black "Alarik,M"]
[Result "1-0"]
[WhiteElo "2220"]
[BlackElo "1971"]

1.d4 Nf6 2.Bg5 e6 3.Nd2 c5 4.e3 b6 5.Ngf3 Bb7 6.Bd3 Be7 7.O-O O-O 8.c3 Nd5
9.Bxe7 Qxe7 10.Re1 d6 11.e4 Nf4 12.Bf1 Nd7 13.g3 Ng6 14.a4 a6 15.h4 cxd4
16.cxd4 Rfc8 17.Qb3 Rab8 18.Bh3 Rc7 19.Rac1 Qd8 20.Bxe6 fxe6 21.Qxe6+ Kh8
22.Ng5 Nf6 23.Nf7+ Rxf7 24.Qxf7 Qe8 25.Qxe8+ Nxe8 26.f4 Kg8 27.d5 Ne7 28.Nf3 h6
29.Kf2 Kf7 30.Nd4 Bc8 31.b4 Bd7 32.b5 axb5 33.axb5 Rb7 34.Nc6 Bxc6 35.bxc6 Rb8
36.Ra1 b5 37.Ra7 Kf8 38.Rea1 b4 39.Rb7 Rc8 40.Raa7 Ng6 41.Rxb4  1-0

[Event "Perla Baltyku Open 2012"]
[Site "Lazy POL"]
[Date "2012.07.01"]
[Round "2.6"]
[White "Kumala,A"]
[Black "Strzemiecki,Z"]
[Result "0-1"]
[WhiteElo "1969"]
[BlackElo "2416"]

1.d4 Nf6 2.Bg5 e6 3.e4 h6 4.Bxf6 Qxf6 5.e5 Qd8 6.Nc3 d5 7.exd6 Bxd6 8.Nf3 O-O
9.Bd3 c5 10.dxc5 Bxc5 11.O-O Nc6 12.Ne4 Be7 13.c3 b6 14.Qc2 Bb7 15.Rad1 Qc7
16.Rd2 Rfd8 17.Rfd1 Ne5 18.Nxe5 Qxe5 19.Ng3 Bg5 20.Bh7+ Kf8 21.Rxd8+ Rxd8
22.Rxd8+ Bxd8 23.Be4 Bc8 24.Ne2 f5 25.Bf3 g5 26.g3 Ba6 27.c4 Qc5 28.Qd3 Bf6
29.b3 Ke7 30.Nc3 Bc8 31.g4 Qd6 32.Qxd6+ Kxd6 33.Nb5+ Kc5 34.Nxa7 Bd7 35.gxf5 exf5
36.Nb5 Be5 37.Be2 Kb4 38.Bf3 g4 39.Bg2 f4 40.Be4 h5 41.Bd5 Bf5 42.Na7 Kc3
43.Nc6 Bd6 44.Kg2 f3+ 45.Kg1 Bg6 46.a4 Bc5 47.a5 bxa5 48.Nxa5 Kd2 49.b4 Bxb4
50.Nb3+ Ke1 51.c5 h4 52.Nd4 Bxc5 53.Nxf3+ gxf3 54.Bxf3 h3 55.Bc6 Bxf2+ 56.Kh1 Bd4
57.Bb7 Kf2 58.Bf3 Bd3 59.Bd5 Bf1  0-1

[Event "20th Montcada Open"]
[Site "Montcada i Reixac ESP"]
[Date "2012.07.01"]
[Round "7.1"]
[White "Alarcon Casellas,Rol"]
[Black "Quesada Perez,Yu"]
[Result "1/2-1/2"]
[WhiteElo "2417"]
[BlackElo "2625"]

1.d4 Nf6 2.Bg5 e6 3.e4 h6 4.Bxf6 Qxf6 5.Nc3 Bb4 6.Qd2 d6 7.O-O-O Nd7 8.a3 Ba5
9.Nf3 O-O 10.Qe3 Bb6 11.Qe1 c5 12.e5 Qf4+ 13.Kb1 cxd4 14.Ne2 Qe4 15.exd6 Rd8
16.Nfxd4 Nf6 17.Nb3 Qc6 18.f3 Rxd6 19.Rxd6 Qxd6 20.Nc3 Bd7 21.Bd3 Bc6 22.Ne4 Nxe4
23.Bxe4 Rd8 24.Bxc6 Qxc6 25.Qe2 Qd6 26.h3 Rd7 27.Rc1 Bd8 28.c4 Bf6 29.Rc2 h5
30.Ka2 h4 31.Nd2 Be7 32.Ne4 Qc6 33.Nc3 a6 34.Qe4 Qc7 35.Ne2 Bf6 36.Nc1 a5
37.Qe2 a4 38.Qe1 Qc6 39.Qb4 g6 40.Ne2 Rc7 41.Kb1 Kg7 42.Nc1 Rd7 43.Qe1 Qc5
44.Ka2 b5 45.Qe4 Rd4 46.cxb5 Qxb5 47.Qe2 Qd5+ 48.Kb1 Bg5 49.Qa6 Qf5 50.Qc6 Rd2
51.Qxa4 Rxg2 52.Qe4 Qxe4 53.fxe4 Rg3 54.Rc3 Rxc3 55.bxc3 Be3 56.Nd3 g5 57.Ne5 f6
58.Nf3 g4 59.hxg4 h3 60.Kc2 Bg1 61.e5 f5 62.gxf5 exf5 63.Kd3 Kf8 64.Kc4 h2
65.Nxh2 Bxh2 66.Kd5 Ke7 67.c4 Bg1 68.c5 f4 69.Ke4 Bxc5  1/2-1/2

[Event "35th Barbera Open A"]
[Site "Barbera del Valles ESP"]
[Date "2012.07.04"]
[Round "1.13"]
[White "Canal Oliveras,J"]
[Black "Moreno Ruiz,J"]
[Result "0-1"]
[WhiteElo "2226"]
[BlackElo "2504"]

1.d4 Nf6 2.Bg5 e6 3.Nd2 c5 4.e3 cxd4 5.exd4 Be7 6.Ngf3 b6 7.c3 Bb7 8.Bd3 d6
9.O-O Nbd7 10.Re1 O-O 11.Qe2 a6 12.h3 Re8 13.Rad1 b5 14.Bc2 Qc7 15.Qd3 Bf8
16.a4 Bc6 17.b3 g6 18.c4 bxc4 19.bxc4 Bg7 20.Bf4 e5 21.dxe5 dxe5 22.Bh2 Rac8
23.Qa3 Qa5 24.Ne4 Bxe4 25.Bxe4 Rxc4 26.Qd3 Rxe4 27.Rxe4 Nc5 28.Qc4 Nfxe4
29.Rd5 Qxa4  0-1

[Event "40th TCh-GRE 2012"]
[Site "Achaea GRE"]
[Date "2012.07.05"]
[Round "7.4"]
[White "Papadakis,M"]
[Black "Iskos,A"]
[Result "1/2-1/2"]
[WhiteElo "2211"]
[BlackElo "2107"]

1.d4 Nf6 2.Bg5 e6 3.e4 c5 4.e5 h6 5.Bc1 Nh7 6.d5 d6 7.Nc3 a6 8.Bf4 dxe5 9.Bxe5 Nd7
10.Bg3 Ndf6 11.d6 Bd7 12.a4 Qa5 13.Bd3 Bc6 14.Nf3 Rd8 15.Bxh7 Rxh7 16.O-O Qb4
17.Ne5 c4 18.Nxc6 bxc6 19.Qf3 Qc5 20.Bh4 Bxd6 21.Bxf6 gxf6 22.Ne4 Qe5 23.Nxf6+ Ke7
24.Ng4 Qf4 25.Qh3 Qf5 26.Rad1 Rg7 27.Qh4+ Qg5 28.Qxg5+ Rxg5 29.Ne3 Rc5 30.c3 Rb8
31.Rd4 Rh5 32.Rfd1 Bxh2+ 33.Kf1 Rxb2 34.Nxc4 Ra2 35.g4 Rc5 36.Ne3 Be5 37.Rd7+ Kf6
38.Ra7 Rxa4 39.Rdd7 Bxc3 40.Rxf7+ Ke5 41.Kg2 Bd2 42.Nf1 Rxg4+ 43.Kf3 Rf4+
44.Rxf4 Bxf4 45.Rxa6 Rc3+ 46.Ne3 c5 47.Ra4 Bxe3 48.fxe3 Rc1 49.Rh4 Rf1+ 50.Ke2 Rf6
51.Rh5+ Kd6 52.Kd3 Rg6 53.Kc4 Rg4+ 54.Kc3 Rg3 55.Kd3 e5 56.Rxh6+ Kd5 57.Rh4 Rf3
58.Rg4 Rh3 59.Ra4 Rh1 60.e4+ Kc6 61.Ra6+ Kb5 62.Re6 Rh3+ 63.Kd2 Rh5 64.Kc3 c4
65.Re8 Rh3+ 66.Kc2 Kc5 67.Rxe5+ Kd4 68.Rd5+ Kxe4 69.Rd8 Ke5 70.Rd7 Ke4  1/2-1/2

[Event "7th Vladimir Dvorkovich Cup"]
[Site "Moscow RUS"]
[Date "2012.07.06"]
[Round "7.10"]
[White "Mirzoev,E"]
[Black "Abbasov,Amil1"]
[Result "1-0"]
[WhiteElo "2223"]
[BlackElo "2201"]

1.d4 Nf6 2.Bg5 e6 3.e3 d5 4.Bd3 Be7 5.Nd2 Nbd7 6.f4 c5 7.c3 O-O 8.Ngf3 cxd4
9.exd4 Nh5 10.Ne5 Nxe5 11.Bxh7+ Kxh7 12.Qxh5+ Kg8 13.dxe5 f6 14.exf6 Bxf6
15.Bxf6 Rxf6 16.g3 Qb6 17.O-O-O Bd7 18.Rde1 Rc8 19.Re5 Qa6 20.a3 Be8 21.Qf3 Bg6
22.Nb3 Be4 23.Rxe4 dxe4 24.Qxe4 Rxc3+ 25.bxc3 Qxa3+ 26.Kd2 Qxb3 27.Rb1 Qa2+
28.Qc2 Qd5+ 29.Qd3 Qh5 30.Qe2 Qf5 31.Rb5 Qh3 32.Rh5  1-0

[Event "14th Torredembarra Open"]
[Site "Torredembarra ESP"]
[Date "2012.07.06"]
[Round "7.5"]
[White "Mila Tejera,J"]
[Black "Gonzalez Rodriguez,JA"]
[Result "1-0"]
[WhiteElo "2057"]
[BlackElo "2398"]

1.d4 Nf6 2.Bg5 e6 3.e3 h6 4.Bh4 Be7 5.Bd3 d6 6.Nf3 g5 7.Bg3 Nh5 8.Nbd2 Nd7
9.Ne4 f5 10.Ne5 dxe5 11.Qxh5+ Kf8 12.Bxe5 Nxe5 13.dxe5 fxe4 14.Bxe4 Bc5 15.h4 Qe8
16.Bg6 Qc6 17.hxg5 Bd7 18.gxh6 Be8 19.Rh4 Qxg2 20.Rg4 Qf3 21.Rf4+ Qxf4 22.exf4  1-0

[Event "5th Int ch-Central Serbia 2012"]
[Site "Paracin SRB"]
[Date "2012.07.07"]
[Round "3.4"]
[White "Bogosavljevic,B"]
[Black "Arsovic,Z"]
[Result "1-0"]
[WhiteElo "2520"]
[BlackElo "2443"]

1.d4 Nf6 2.Bg5 e6 3.e4 h6 4.Bxf6 Qxf6 5.Nf3 d6 6.Nc3 c6 7.Qd2 e5 8.O-O-O Be7
9.Kb1 Nd7 10.Ne2 O-O 11.Ng3 Re8 12.Nf5 Bf8 13.Bd3 exd4 14.g4 Ne5 15.Nxe5 dxe5
16.h4 Qd8 17.Rdg1 Kh7 18.f4 Bxf5 19.exf5 Qd5 20.fxe5 Rxe5 21.g5 Kh8 22.gxh6 Re3
23.h5 gxh6 24.f6 Rae8 25.Bc4 Qe5 26.Bxf7 Qxf6 27.Bxe8 Rxe8 28.Rg6 Qe5 29.Rhg1 Kh7
30.Rg8 Qe3 31.Qd3+ Qxd3 32.cxd3 c5 33.R1g7+  1-0

[Event "4th Rethymno Open"]
[Site "Rethymno GRE"]
[Date "2012.07.08"]
[Round "2.13"]
[White "Royset,P"]
[Black "Zinchenko,Ya"]
[Result "1/2-1/2"]
[WhiteElo "2190"]
[BlackElo "2544"]

1.d4 Nf6 2.Bg5 e6 3.e4 h6 4.Bxf6 Qxf6 5.c3 d6 6.Bd3 g6 7.Ne2 Bg7 8.O-O Qe7
9.Nd2 e5 10.f4 O-O 11.f5 Nd7 12.Qb3 Qg5 13.Nc4 Kh7 14.Rf3 b6 15.Raf1 a5 16.Ne3 Bb7
17.f6 Nxf6 18.Rg3 Qh5 19.Rh3 Qg5 20.Rg3  1/2-1/2

[Event "22nd HOF Open 2012"]
[Site "Jyvaskyla FIN"]
[Date "2012.07.09"]
[Round "1"]
[White "Mertanen,J"]
[Black "Aijala,Jou"]
[Result "1-0"]
[WhiteElo "2374"]
[BlackElo "2157"]

1.d4 Nf6 2.Bg5 e6 3.e4 c5 4.d5 h6 5.Bxf6 Qxf6 6.Nc3 a6 7.a4 d6 8.Nf3 Nd7
9.Be2 Be7 10.Nd2 e5 11.Nc4 b6 12.O-O O-O 13.Bg4 Rb8 14.Qd3 Bd8 15.Qh3 Qe7
16.Ne2 Bc7 17.Ng3 Nf6 18.Bxc8 Rfxc8 19.Nf5 Qf8 20.Qh4 Bd8 21.Ncxd6 Ne8 22.Nxh6+ Kh7
23.Qh3 Nxd6 24.Nxf7+ Kg8 25.Nxe5 Qe8 26.Nc6 Rb7 27.e5  1-0

[Event "Minsk Open 2012"]
[Site "Minsk BLR"]
[Date "2012.07.10"]
[Round "1.5"]
[White "Dvurechensky,V"]
[Black "Levin,Ev"]
[Result "0-1"]
[WhiteElo "1991"]
[BlackElo "2509"]

1.d4 Nf6 2.Bg5 e6 3.e3 b6 4.Nf3 Bb7 5.Nbd2 d6 6.h3 Nbd7 7.Bf4 g6 8.Bd3 Qe7
9.e4 e5 10.Be3 Bg7 11.d5 O-O 12.c4 a5 13.O-O Kh8 14.b3 Ng8 15.Nh2 f5 16.f3 f4
17.Bf2 Bf6 18.a3 Bh4 19.Qe1 Bxf2+ 20.Qxf2 g5 21.b4 h5 22.Rfc1 Nh6 23.Rab1 Ba6
24.Be2 Rg8 25.bxa5 bxa5 26.Nb3 a4 27.Na5 Nc5 28.Nc6 Qf6 29.Rc3 Bc8 30.Bd3 Bd7
31.Nb4 g4 32.hxg4 hxg4 33.fxg4 Nxg4 34.Nxg4 Rxg4 35.Bc2 Qh6 36.Nc6 Rh4 37.Kf1 Bg4
38.Ke1 Rh2 39.Nxe5 dxe5 40.Qxc5  0-1

[Event "86th ch-ARG 2012"]
[Site "La Plata ARG"]
[Date "2012.07.11"]
[Round "10.11"]
[White "Giampa,A"]
[Black "Lopez Miller,Indalecio"]
[Result "0-1"]
[WhiteElo "2226"]
[BlackElo "1894"]

1.d4 Nf6 2.Bg5 e6 3.Nd2 b6 4.e4 Be7 5.c4 d5 6.Bxf6 Bxf6 7.cxd5 exd5 8.e5 Be7
9.Ngf3 O-O 10.Qc2 Ba6 11.Bxa6 Nxa6 12.O-O c5 13.dxc5 bxc5 14.Rfd1 Qb6 15.Nf1 Rfd8
16.Ne3 Nb4 17.Qa4 c4 18.Rd2 Rac8 19.Rc1 Nd3 20.Rb1 Bb4 21.Re2 Bc5 22.Qd1 Qa6
23.a3 Nf4 24.Rd2 d4 25.g3 Ne6 26.Nf5 d3 27.Rc1 g6 28.Ne3 Bxe3 29.fxe3 Nc5
30.Rg2 Nb3 31.Rc3 Qb6 32.Qe1 Re8 33.Rf2 Rc7 34.Kg2 Qc6 35.Kg1 Qe4 36.h4 h6
37.Qd1 Qxe3 38.Kg2 Qe4 39.Kh2 Nd4 40.Nd2 Qe3 41.Qf1 Ne2 42.Rxc4 Qxg3+ 43.Kh1 Rxc4  0-1

[Event "Werner-Ott-Open 2012"]
[Site "Berlin GER"]
[Date "2012.07.14"]
[Round "8.11"]
[White "Schulz,Har"]
[Black "Glantz,R"]
[Result "0-1"]
[WhiteElo "2090"]
[BlackElo "2286"]

1.d4 Nf6 2.Bg5 e6 3.e3 b6 4.Nf3 Bb7 5.Nbd2 Be7 6.c3 c5 7.Be2 O-O 8.O-O cxd4
9.cxd4 d6 10.Rc1 a6 11.Nb1 Nbd7 12.Nc3 b5 13.Qb3 Qb8 14.Nd2 Rc8 15.Bf3 d5
16.Bf4 Bd6 17.Bxd6 Qxd6 18.a4 b4 19.Na2 a5 20.Rxc8+ Rxc8 21.Rc1 Rxc1+ 22.Nxc1 Qc6
23.Qd1 Nb6 24.b3 Ne4 25.Be2 Nc3 26.Qf1 f6 27.Bd3 e5 28.f3 Qe6 29.Kf2 Kh8
30.Ba6 Bc6 31.Nd3 Nd7 32.Ne1 h6 33.h3 Qf5 34.Bc8 Qg5 35.Nc2 Qg6 36.Ne1 Qg5
37.Nc2 Nb8 38.Qd3 Qh5 39.Qf5 Qe8 40.Qg4 exd4 41.exd4 Qe2+ 42.Kg1 Qxd2 43.Qg6 Ne2+  0-1

[Event "4th Rethymno Open"]
[Site "Rethymno GRE"]
[Date "2012.07.14"]
[Round "9.24"]
[White "Skembris,S"]
[Black "Milonakis,G"]
[Result "1-0"]
[WhiteElo "2460"]
[BlackElo "2189"]

1.d4 Nf6 2.Bg5 e6 3.Nf3 h6 4.Bh4 g5 5.Bg3 Nh5 6.Be5 f6 7.Qd3 Kf7 8.g4 Ng7
9.Bg3 d6 10.h4 Be7 11.Nc3 h5 12.hxg5 fxg5 13.gxh5 Nxh5 14.O-O-O Qg8 15.Bg2 Nd7
16.Rh2 Nxg3 17.fxg3 Rxh2 18.Nxh2 g4 19.Rf1+ Ke8 20.e3 Nf6 21.Bxb7 Rb8 22.Bxc8 Rxc8
23.Qb5+ Kd8 24.Rf4 c6 25.Qe2 Qg6 26.e4 Kd7 27.Kb1 Rh8 28.a3 Rh3 29.e5 Nh5
30.Rxg4 Qf5 31.Rg8 Qh7 32.Ra8 Nxg3 33.Qa6 Bd8 34.Qc8+  1-0

[Event "ch-MNE 2012"]
[Site "Cetinje MNE"]
[Date "2012.07.15"]
[Round "8.5"]
[White "Milovic,J"]
[Black "Djukic,Ni"]
[Result "0-1"]
[WhiteElo "2382"]
[BlackElo "2515"]

1.d4 Nf6 2.Bg5 e6 3.e4 h6 4.Bxf6 Qxf6 5.e5 Qe7 6.c3 d6 7.Nf3 dxe5 8.dxe5 Nc6
9.Nbd2 g5 10.Bb5 Bd7 11.Bxc6 Bxc6 12.Nd4 Qc5 13.O-O Bg7 14.Qh5 Bd7 15.Rfe1 Qe7
16.b4 O-O-O 17.Nc4 f6 18.Na5 fxe5 19.Qf3 c6 20.Ndb3 Rhf8 21.Qe3 Kb8 22.Nc5 Bc8
23.b5 Qc7 24.Naxb7 Bxb7 25.Rab1 Ka8 26.b6 Qd6 27.bxa7 Rf7 28.Nxb7 Rxb7 29.Rxb7 Kxb7
30.Rb1+ Ka8 31.h3 Qc7 32.Qc5 e4 33.a4 Bf8 34.Qc4 Kxa7 35.a5 Rb8 36.Rd1 Qxa5
37.Qxc6 Rb7 38.Rd4 Qb5 39.Qxe6 Bc5 40.Rd2 Re7 41.Ra2+ Kb8 42.Qg8+ Re8 43.Qf7 e3
44.fxe3 Bxe3+ 45.Kh1 Qb1+ 46.Kh2 Bg1+ 47.Kg3 Qd3+ 48.Kg4 Re4+ 49.Kh5 Rh4+  0-1

[Event "Sparkassen Open A"]
[Site "Dortmund GER"]
[Date "2012.07.15"]
[Round "2.9"]
[White "Boehm,Ju2"]
[Black "Joppien,A"]
[Result "1/2-1/2"]
[WhiteElo "2225"]
[BlackElo "2079"]

1.d4 Nf6 2.Bg5 e6 3.e4 d6 4.Nc3 Be7 5.Nf3 O-O 6.Bd3 h6 7.Bf4 Nbd7 8.Qd2 c5
9.d5 e5 10.Be3 Ng4 11.Qe2 Nxe3 12.fxe3 a6 13.a4 Re8 14.g4 Bh4+ 15.Nxh4 Qxh4+
16.Kd2 Nf6 17.h3 Bd7 18.Qe1 Qxe1+ 19.Rhxe1 b6 20.Ke2 Rec8 21.b3 Ne8 22.Kf3 Nc7
23.Reb1 b5 24.Be2 f6 25.Ra2 Rcb8 26.Rba1 b4 27.Nb1 a5 28.Nd2 Kf7 29.Nc4 Ke7
30.Kg3 Rg8  1/2-1/2

[Event "35th Taminco Open"]
[Site "Ghent BEL"]
[Date "2012.07.16"]
[Round "5.17"]
[White "Passchyn,M"]
[Black "Van Baarle,J"]
[Result "0-1"]
[WhiteElo "1931"]
[BlackElo "2209"]

1.d4 Nf6 2.Bg5 e6 3.e4 d5 4.e5 h6 5.Be3 Nfd7 6.f4 c5 7.c3 Qb6 8.Qd2 f5 9.Nf3 Nc6
10.Be2 Qa5 11.O-O Be7 12.dxc5 Bxc5 13.b4 Bxe3+ 14.Qxe3 Qb6 15.Qxb6 Nxb6 16.Nbd2 Na4
17.Rac1 Bd7 18.b5 Na5 19.Nd4 Rc8 20.c4 dxc4 21.Nxc4 Nxc4 22.Bxc4 Ke7 23.Be2 Nc3
24.Rc2 Nxe2+ 25.Rxe2 Rc4 26.Rd2 Rhc8 27.Rfd1 Be8 28.Kf2 Ra4 29.Rb1 Rcc4 30.Ne2 Rcb4
31.Rdb2 Rxb2 32.Rxb2 g5 33.g3 Bh5 34.Rc2 Rb4 35.fxg5 hxg5 36.Rc7+ Kd8 37.Rh7 Bxe2
38.Kxe2 Rxb5 39.h4 gxh4 40.gxh4 Rxe5+ 41.Kf3 Re4 42.Rxb7 Rxh4 43.Rxa7 Rc4
44.a4 Rc7 45.Ra6 Kd7 46.Ke3 Rc6 47.Ra7+ Kd6 48.Kd3 e5 49.Rf7 Ke6 50.Rh7 Kd5
51.Rd7+ Rd6 52.Ra7 Kc5+ 53.Ke3 Rb6 54.Rc7+ Kd6 55.Rc3 Ra6 56.Rc4 Rc6 57.Rb4 Rc3+
58.Kd2 Ra3 59.Rb6+ Kd5 60.Rb5+ Ke4 61.Rb4+ Kf3 62.Kc2 e4 63.Kb2 Rd3 64.Rb5 f4
65.a5 e3 66.a6 Rd6 67.Ra5 e2 68.a7 Rd8 69.Ra3+ Kf2  0-1

[Event "5th Paleochora Open"]
[Site "Paleochora GRE"]
[Date "2012.07.17"]
[Round "3.13"]
[White "Royset,P"]
[Black "Pap,M"]
[Result "0-1"]
[WhiteElo "2190"]
[BlackElo "2500"]

1.d4 Nf6 2.Bg5 e6 3.e4 c5 4.d5 h6 5.Bxf6 Qxf6 6.Nc3 a6 7.a4 d6 8.Nf3 Nd7
9.Be2 Ne5 10.O-O g5 11.Nd2 h5 12.Ra3 Bd7 13.Rb3 Ra7 14.a5 Be7 15.Re1 g4 16.Nf1 Rg8
17.Ne3 Qf4 18.g3 Qh6 19.dxe6 fxe6 20.Rb6 Bc6 21.Nc4 Nxc4 22.Bxc4 h4 23.Qe2 hxg3
24.fxg3 Bf6 25.Bd5 Bd4+ 26.Kh1 Bd7 27.Bxb7 c4 28.Bc6 Ke7 29.Qxc4 Rh8 30.h4 Qf6
31.Qd3 Rxh4+ 32.gxh4 Qxh4+ 33.Kg2 Qf2+ 34.Kh1 Qxe1+ 35.Kg2 Qg1+  0-1

[Event "Turkish Bank Chess League 2012"]
[Site "Konya TUR"]
[Date "2012.07.18"]
[Round "8"]
[White "Deviatkin,A"]
[Black "Durarbayli,V"]
[Result "1/2-1/2"]
[WhiteElo "2590"]
[BlackElo "2576"]

1.d4 Nf6 2.Bg5 e6 3.c3 c5 4.e3 b6 5.Nf3 Bb7 6.Bd3 Be7 7.Nbd2 h6 8.Bf4 Nc6
9.h3 O-O 10.O-O Rc8 11.Qe2 d6 12.a3 Re8 13.Rfd1 Bf8 14.Bg3 Qc7 15.Ne4 Nxe4
16.Bxe4 cxd4  1/2-1/2

[Event "ch-Oklahoma State 2012"]
[Site "Broken Arrow USA"]
[Date "2012.07.21"]
[Round "1.2"]
[White "Braunlich,T"]
[Black "Nugent,M"]
[Result "1-0"]
[WhiteElo "2204"]
[BlackElo "1947"]

1.d4 Nf6 2.Bg5 e6 3.e3 Be7 4.Nd2 c5 5.c3 O-O 6.Bxf6 Bxf6 7.Bd3 cxd4 8.exd4 g6
9.Ngf3 d6 10.Qc2 Nc6 11.O-O-O Bd7 12.Ne4 Nb4 13.cxb4 Rc8 14.Nc3 b5 15.Kb1 a5
16.Qb3 axb4 17.Qxb4 d5 18.Bxb5 Be7 19.Qb3 Rb8 20.Ne5 Be8 21.a4 Qa5 22.Qa2 Bb4
23.Bxe8 Bxc3 24.Bb5 Rxb5 25.axb5 Qxb5 26.Rd3  1-0

[Event "XIV ch-Gdansk Int 2012"]
[Site "Gdansk POL"]
[Date "2012.07.23"]
[Round "3.25"]
[White "Keely,L"]
[Black "Paziak,Patryk"]
[Result "1-0"]
[WhiteElo "1949"]
[BlackElo "1744"]

1.d4 Nf6 2.Bg5 e6 3.Nf3 Be7 4.e3 O-O 5.Bd3 d5 6.Bxf6 Bxf6 7.g4 c5 8.c3 Nd7
9.h4 h6 10.g5 hxg5 11.hxg5 Bxg5 12.Nxg5 Qxg5 13.Bh7+ Kh8 14.Qf3 Nf6 15.Bd3+ Kg8
16.Qh3 Qh6 17.Qf3 Qg5 18.Qh3 Qh6 19.Qg2 Nh5 20.Be2 Qg6 21.Qh2 f5 22.Bxh5  1-0